Bibliografia d'Ernest Lluch i Martín
Publicado:
Vilassar de Mar :
Fundació Ernest Lluch ; Barcelona : Consorci Universitat Internacional Menéndez Pelayo de Barcelona-Centre Ernest Lluch ,
2006
Descripción Física:
180 p. ; 34 cm
MARC
| LEADER | 00000nam a2200000Ia 4500 | ||
|---|---|---|---|
| 001 | 24220 | ||
| 003 | BGR | ||
| 005 | 20260324180605.0 | ||
| 008 | 160829s2006 xx 000 0 cat d | ||
| 080 | |a Bib-197 | ||
| 245 | |a Bibliografia d'Ernest Lluch i Martín | ||
| 260 | |a Vilassar de Mar : |b Fundació Ernest Lluch ; Barcelona : |b Consorci Universitat Internacional Menéndez Pelayo de Barcelona-Centre Ernest Lluch, |c 2006 | ||
| 300 | |a 180 p. ; |c 34 cm | ||
| 590 | |a Bibliografia. | ||
| 590 | |a Índex onomàstic | ||
| 650 | |a Lluch, Ernest |x Bibliografia |9 49460 | ||
| 650 | |a Història Econòmica |x Bibliografia |9 49461 | ||
| 650 | |a Economistes |x Bibliografia |x Punts De Vista Polítics i Socials |9 49462 | ||
| 710 | 2 | |a Fundació Ernest Lluch |9 70986 | |
| 710 | 2 | |a Consorci Universitat Internacional Menéndez Pelayo de Barcelona-Centre Ernest Lluch |9 70987 | |
| 901 | |a Arxiu | ||
| 942 | |n 1 |2 udc |c MON | ||
| 952 | |0 0 |1 0 |4 0 |6 BIB197 |7 1 |9 55352 |a Arxiu |b Arxiu |d 2016-12-01 |l 0 |o Bib-197 |p 24220 |r 2016-12-01 00:00:00 |w 2016-12-01 |y ARXIU | ||
| 999 | |c 59225 |d 59225 | ||